000 01132cam a2200217 4500
001 WB3835-04
008 020925n2002 000 0 eng u
035 _a(Sirsi) u119848
245 _a9/11 attacks alter US companies' real estate needs
260 _c2002
490 _aRICS Commercial Property Faculty News
_v 24 September 2002, (1)
520 _aJones Lang Lasalle survey shows the terrorist attacks of last September have changed US companies' real estate needs. More than 91% of respondents cited security as one of their top three building management concerns and 85% of those said they had adopted extra security measures. For the Commercial Property Faculty News: http://www.rics.org/ricscms/bin/show?class=News&template=/includes/shownews.html&id=3729&faculty=Commercial%20Property&faculty=All%20Faculties For the Jones Lang Lasalle website: http://www.joneslanglasalle.co.uk/
590 _aWB
650 _aJONES LANG LASALLE
650 _aUSA CORPORATE CLIENTS
650 _aTERRORIST ATTACKS
650 _aSECURITY
650 _aDISASTER PLANNING
690 _aMANAGEMENT-BUSINESS MANAGEMENT
942 _n0
999 _c71227
_d71227